Statistiques concernant Géographie physique de la Russie

Cliquez ici pour prendre le quiz!

Statistiques générales

  • Ce quiz a été pris 21 fois
  • Le résultat moyen est 9 sur 20

Statistiques - réponses

QuestionRéponse% Correct
Plus grand pays frontalierChine
95%
Région annexée en 2014Crimée
89%
Célèbre place moscovitePlace Rouge
84%
Plus long fleuve d’EuropeVolga
84%
Chaîne de montagnes séparant la Russie européenne et la Russie asiatiqueOural
79%
Plus grande ville russe sur le PacifiqueVladivostok
79%
Plus grands sujetsSakha (Yakoutie)
63%
Chaîne de montagnes où se trouve le point culminantCaucase
58%
Plus grandes îlesSakhaline
58%
Amour
53%
Plus longs cours d’eau (longueur totale)Léna
42%
Ienisseï
32%
Point culminantMont Elbrouz
21%
Kotelny
11%
Severny
11%
Ioujny
5%
Irtych
5%
Krasnoïarsk
5%
Khabarovsk
0%
Tioumen
0%

Distribution des résultats

Percentile par nombre de réponses

% des personnes avec chaque résultat

Votre développement - résultats

Vous n’avez pas pris ce quiz